000
00251nam a2200097Ia 4500
001
1156157
005
20250827011217.0
008
250824s9999 xx 000 0 und d
245
0
_a
COLUMBUSUN KADINLARI
_c
MÜGE İPLİKÇİ
260
_b
EVEREST YAYINLARI
999
_c
1156157
_d
1156157